书目信息 |
| 书名: | Commercial and debtor-creditor law:Selected statutes | |
| 作者: | Douglas G.Baird. | |
| 分册号: | ||
| 分册名: | 出版地: | New York : |
|
| 出版社: | Founsation Press | |
| 出版时间: | 1998. | |
| 页数: | 1872 p. ; | |
| 开本: | 29cm. | |
| 丛书名: | ||
| 中图分类号: | ||
| 科图分类号: | ||
| 其他分类号: | F832.42 | |
| 主题词: | ||
| 电子资源: | ||
| 000 | 00448nam 2200157 a 4500 | |
| 001 | E0137669405 | |
| 005 | 2001121710274850 | |
| 008 | 011217s1998 00010 eng | |
| 020 | @a1-56662-627-7@bsoft | |
| 040 | @aPFT@beng | |
| 090 | @aF832.42 | |
| 099 | @dF832.42@eB163 | |
| 245 | @aCommercial and debtor-creditor law:Selected statutes / @cDouglas G.Baird. | |
| 250 | @a1998 ed. | |
| 260 | @aNew York :@bFounsation Press,@c1998. | |
| 300 | @a1872 p. ;@c29cm. | |
| Commercial and debtor-creditor law:Selected statutes / / Douglas G.Baird.-1998 ed.-New York : : Founsation Press, , 1998. |
| 1872 p. ; ; 29cm. |
| ISBN 1-56662-627-7soft |
| ● |
| 相关链接 |
|
|
|
正题名:Commercial and debtor-creditor law:Selec
索取号:F832.42/B163
 
预约/预借
| 序号 | 登录号 | 条形码 | 馆藏地/架位号 | 状态 | 备注 |
| 1 | 0726 | 300007267 | 社科库409/409社科库 116排2列3层/ [索取号:F832.42/B163] | 在馆 |